[Event "Lippe Cup-B 07th"]
[Site "Lieme"]
[Date "2010.10.16"]
[Round "2"]
[White "Schirra, Maurice"]
[Black "Moriz, Alexander"]
[Result "1-0"]
[WhiteElo "1187"]
[BlackElo "1440"]
[PlyCount "141"]
[EventDate "2010.10.15"]
[EventType "swiss"]
[EventRounds "5"]
[EventCountry "GER"]
[SourceTitle "EXT 2012"]
[Source "ChessBase"]
[SourceDate "2011.11.24"]
[SourceVersion "1"]
[SourceVersionDate "2011.11.24"]
[SourceQuality "1"]

1. e4 c5 2. Nf3 d6 3. Bc4 Nf6 4. Nc3 g6 5. d3 Bg7 6. Bg5 0-0 7. h3 Bd7 8. 0-0 Nc6 9. a3 Rb8 10. Ba2 b5 11. Rb1 a5 12. Re1 Re8 13. Qd2 b4 14. axb4 axb4 15. Nd5 Nxd5 16. Bxd5 Nd4 17. Nxd4 Bxd4 18. Qf4 Rf8 19. Bh6 Bg7 20. Re3 e5 21. Qg5 Qxg5 22. Bxg5 Rfe8 23. f3 Be6 24. Bxe6 Rxe6 25. Ra1 f5 26. Ra7 f4 27. Re2 h6 28. Bh4 g5 29. Bf2 Rd8 30. Ra6 Ree8 31. Kf1 Bf8 32. Re1 Re7 33. Rea1 Rg7 34. Ra7 Rdd7 35. Rxd7 Rxd7 36. Ra5 Kf7 37. Ke2 Be7 38. Kd2 Rb7 39. b3 Bd8 40. Ra2 Ke7 41. Ra1 Kd7 42. Ra6 Rb6 43. Rxb6 Bxb6 44. c3 bxc3+ 45. Kxc3 Ke6 46. Kc4 Ba5 47. g3 Bd2 48. gxf4 exf4 49. d4 Be3 50. d5+ Kf6 51. Be1 Ke7 52. b4 cxb4 53. Bxb4 Kd7 54. Bc3 h5 55. e5 dxe5 56. Bxe5 g4 57. fxg4 hxg4 58. hxg4 f3 59. Kd3 f2 60. Ke2 Ke7 61. Bg3 Kd7 62. Bxf2 Bxf2 63. Kxf2 Kd6 64. Kf3 Kxd5 65. Kf4 Ke6 66. Kg5 Kf7 67. Kf5 Kg7 68. Kg5 Kh8 69. Kg6 Kg8 70. g5 Kf8 71. Kh7 1-0